| 000 | 01018nas a2200337 4500 | ||
|---|---|---|---|
| 001 | BR2011005105 | ||
| 003 | BR-BrBNA | ||
| 005 | 20231205115114.0 | ||
| 007 | ta | ||
| 008 | 230509b bl.|||p| |||| 00| 00por d | ||
| 040 |
_aBR-BrBNA _bpor _cBiblioteca Nacional de Agricultura |
||
| 041 | _a(Pt) | ||
| 072 | _aF03 | ||
| 100 | 1 | _aDalchiavon, F.C. | |
| 100 | 1 | _aDallacort, R. | |
| 100 | 1 | _aInque, M.H. | |
| 100 | 1 | _aSanti, A. | |
| 100 | 1 | _aNied, A.H. | |
| 100 | 1 | _aMartins, J.A. | |
| 100 | 1 | _aColleti, A.J. | |
| 245 | 1 | _aCaracterísticas agronômicas das sementes e dos frutos de pinhão-manso no município de Tangará da Serra-MT | |
| 650 | _aPINHÃO DE PURGA | ||
| 650 | _aSEMENTE | ||
| 650 | _aCARACTERÍSTICAS AGRONÔMICAS | ||
| 650 | _aPRODUTIVIDADE | ||
| 650 | _aRENDIMENTO | ||
| 650 | _aMATO GROSSO | ||
| 773 | 0 |
_tRevista de Ciências Agro-Ambientais (Brazil) _xISSN 1679-1509 _g(2010), v. 8(1) p. 95-101 _wBR2011005105 |
|
| 909 |
_a202311 _bLúcia _c55 _dLúcia Elande |
||
| 942 |
_2AGRIS _n0 _cANA |
||
| 999 |
_c212095 _d212095 |
||